000 00642nam a2200181Ia 4500
008 151018s9999 xx 000 0 und d
082 _bRBASDV30819
_a920.71
100 _aजयप्रकाश कदम
245 _aबौध्द धर्म के आधार स्तंभ
250 _b1
260 _bआतिश
_c19999
300 _a128
600 _aजयप्रकाश कदम
630 _aबौध्द धर्म के आधार स्तंभ
700 _aजयप्रकाश कदम
730 _aबौध्द धर्म के आधार स्तंभ
942 _cBOOK
999 _c1030359
_d1030356